000 01038nam a22002057a 4500
003 JO-AjAnu
005 20240708130555.0
008 240708b jo ||||| |||| 00| 0 ara d
040 _aJO-AjAnu
_bara
_cJO-AjAnu
_erda
041 _aara
_hara
050 _aPJ7561
_b2024
100 1 _aبني فواز، عطاف سهيل عبود
_eمعد
_966074
245 0 _aالاتجاه الانساني في شعر ابراهيم العواودة = Humanistic Attitude in The Poetry of Ibrahim Awawdeh /
_cاعداد عطاف سهيل عبود بني فواز ؛ اشراف عبدالرحيم عزام مراشدة
260 _c2024
300 _a152 ورقة
500 _aرسالة جامعية ( رسالة ماجستير في اللغة العربية وآدابها) جامعة عجلون الوطنية(عجلون، الاردن)، كلية الآداب،2024.
650 7 0 _aالشعر العربي- الاتجاه الانساني
_966075
700 1 _aمراشدة، عبدالرحيم عزام
_eمشرف
_966076
942 _2lcc
_cTHS
_n0
999 _c33587
_d33587